Environmetrics 81 : selected papers : selections from a conference /

Bibliographic Details
Corporate Authors: United States. Environmental Protection Agency, Society for Industrial and Applied Mathematics, SIAM Institute for Mathematics and Society
Format: Book
Language:English
Published: Philadelphia : Siam, 1981.
Series:SIAM-SIMS conference series ; 8.
Subjects:

MARC

Tag First Indicator Second Indicator Subfields
LEADER 00000cam a2200000 a 4500
001 in00000103021
005 20150929180113.0
008 820217s1981 paua b 10100 eng
010 |a  81084060  
020 |a 0898711789 (pbk.) 
035 |a (OCoLC)08233616 
035 |9 AAN2234AM 
039 0 |a 2  |b 3  |c 3  |d 3  |e 3 
040 |a DLC  |c DLC  |d TXA  |d UtOrBLW 
049 |a TXAM  |c [1482253] 
050 0 0 |a TD169  |b  E67 
082 0 |a 363.7/00724  |2 19 
245 0 0 |a Environmetrics 81 :  |b selected papers : selections from a conference /  |c sponsored and supported by the U.S. Environmental Protection Agency, the Society for Industrial and Applied Mathematics, and the SIAM Institute for Mathematics and Society. 
264 1 |a Philadelphia :  |b Siam,  |c 1981. 
300 |a 259 pages :  |b illustrations ;  |c 24 cm. 
336 |a text  |b txt  |2 rdacontent 
337 |a unmediated  |b n  |2 rdamedia 
338 |a volume  |b nc  |2 rdacarrier 
490 1 |a SIAM-SIMS conference series ;  |v 8 
504 |a Includes bibliographical references and index. 
650 0 |a Environmental protection  |x Statistical methods  |x Congresses. 
710 1 |a United States.  |b Environmental Protection Agency. 
710 2 |a Society for Industrial and Applied Mathematics. 
710 2 |a SIAM Institute for Mathematics and Society. 
830 0 |a SIAM-SIMS conference series ;  |v 8. 
999 |a MARS 
999 f f |s 3cbfd210-d987-3c64-b640-6d850d5408a9  |i da81eb2e-3c19-3adf-abcd-3294246011dc  |t 0 
952 f f |p ric  |a Texas A&M University  |b Rellis Campus  |c Joint Library Facility  |d Remote Storage  |t 0  |e TD169 E67  |h Library of Congress classification  |i unmediated -- volume  |m A14806288823 
998 f f |a TD169 E67  |t 0  |l Remote Storage